[Event "XXII Campeonato de España de l"]
[Site "Benidorm (Alicante-España)"]
[Date "2010.11.20"]
[Round "7"]
[White "Saez Gabikagogeaskoa, Oscar"]
[Black "Lopez Perez, Angel L"]
[Result "1-0"]
[WhiteElo "1939"]
[BlackElo "1818"]
[PlyCount "67"]
[EventDate "2010.11.14"]
[EventRounds "8"]
[EventCountry "ESP"]

1. e4 e5 2. Nf3 Nc6 3. d4 d6 4. dxe5 Nxe5 5. Nxe5 dxe5 6. Qxd8+ Kxd8 7. Bc4 f6
8. Be3 Bd6 9. Nd2 Ke7 10. Bb3 Be6 11. Bxe6 Kxe6 12. Nc4 Ne7 13. O-O-O Rhd8 14.
g3 g5 15. h4 h6 16. hxg5 hxg5 17. Rh6 Rg8 18. Rdh1 Kf7 19. Rh7+ Rg7 20. Rxg7+
Kxg7 21. Rd1 Nc8 22. c3 b5 23. Na5 Ne7 24. Nb7 Nc8 25. Bc5 Kf7 26. Bxd6 Nxd6
27. Nxd6+ cxd6 28. Rxd6 Ke7 29. Ra6 Rh8 30. Rxa7+ Ke6 31. Kd2 Rh1 32. Rb7 Rf1
33. Ke2 Rc1 34. Rxb5 1-0

[Event "XXII Campeonato de España de l"]
[Site "Benidorm (Alicante-España)"]
[Date "2010.11.20"]
[Round "7"]
[White "Fuster Agullo, Juan"]
[Black "Rousse Mayol, Ricard"]
[Result "0-1"]
[WhiteElo "1799"]
[BlackElo "1907"]
[PlyCount "36"]
[EventDate "2010.11.14"]
[EventRounds "8"]
[EventCountry "ESP"]

1. e4 g6 2. Nf3 d6 3. d4 Bg7 4. Be2 Nf6 5. Nc3 Nbd7 6. O-O O-O 7. h3 c5 8. e5
dxe5 9. dxe5 Ne8 10. e6 fxe6 11. Ng5 Nc7 12. Bg4 Nf6 13. Bf4 Qxd1 14. Bxd1 Ncd5
15. Be5 h6 16. Nf3 b6 17. Be2 Nxc3 18. Bxc3 Bb7 {irreproducible} 0-1

[Event "XXII Campeonato de España de l"]
[Site "Benidorm (Alicante-España)"]
[Date "2010.11.20"]
[Round "7"]
[White "Diaz Illescas, Juan Carlos"]
[Black "Escalante Ortega, Fernando"]
[Result "1/2-1/2"]
[WhiteElo "1906"]
[BlackElo "1875"]
[PlyCount "57"]
[EventDate "2010.11.14"]
[EventRounds "8"]
[EventCountry "ESP"]

1. e4 e6 2. d4 d5 3. Nc3 Nf6 4. Bg5 Be7 5. e5 Nfd7 6. Bxe7 Qxe7 7. Nb5 Nb6 8.
c3 a6 9. Na3 c5 10. Nc2 Nc6 11. f4 Bd7 12. Nf3 h6 13. Qd2 c4 14. Ne3 Nc8 15. f5
b5 16. Be2 Nb6 17. fxe6 fxe6 18. O-O O-O-O 19. Nc2 Rdf8 20. Nb4 Kb7 21. b3 Nxb4
22. cxb4 Rc8 23. Rfc1 Rc7 24. a4 cxb3 25. Rxc7+ Kxc7 26. axb5 axb5 27. Qc3+ Kb7
28. Qxb3 Na4 29. Rc1 1/2-1/2

[Event "XXII Campeonato de España de l"]
[Site "Benidorm (Alicante-España)"]
[Date "2010.11.20"]
[Round "7"]
[White "Sanchez Ruiz, Justo"]
[Black "Gimeno Diaz, Fernando"]
[Result "0-1"]
[WhiteElo "1772"]
[BlackElo "1900"]
[PlyCount "50"]
[EventDate "2010.11.14"]
[EventRounds "8"]
[EventCountry "ESP"]

1. e4 c5 2. Nf3 d6 3. d4 cxd4 4. Nxd4 Nf6 5. Nc3 a6 6. Bc4 e6 7. Bb3 Be7 8. O-O
O-O 9. Be3 Nc6 10. f4 Qc7 11. Qf3 Rb8 12. g4 Nxd4 13. Bxd4 e5 14. g5 exd4 15.
gxf6 Bxf6 16. Nd5 Qd8 17. Rae1 Be6 18. e5 dxe5 19. fxe5 Bh4 20. Re2 Qg5+ 21.
Kh1 Bg4 22. Qxg4 Qxg4 23. Nf6+ Bxf6 24. Rg2 Qe4 25. exf6 g6 0-1

[Event "XXII Campeonato de España de l"]
[Site "Benidorm (Alicante-España)"]
[Date "2010.11.20"]
[Round "7"]
[White "Rubio Mancebon, Pedro Jose"]
[Black "Redondo Maguregui, Juan Manuel"]
[Result "1-0"]
[WhiteElo "1875"]
[BlackElo "1694"]
[PlyCount "50"]
[EventDate "2010.11.14"]
[EventRounds "8"]
[EventCountry "ESP"]

1. d4 c5 2. d5 d6 3. c4 g6 4. Nc3 Bg7 5. Bd2 Na6 6. e4 Nc7 7. Nf3 a6 8. a4 Bd7
9. Rb1 Nf6 10. Be2 O-O 11. O-O Rb8 12. b4 b6 13. bxc5 bxc5 14. Qc2 Ng4 15. Rxb8
Qxb8 16. Rb1 Qc8 17. Bd3 e6 18. Qb3 exd5 19. exd5 Bf5 20. Ne4 Qd7 21. Qb6 Ne5
22. Nxe5 Bxe5 23. Qc6 Qxc6 24. dxc6 d5 25. cxd5 Bd4 {irreproducible} 1-0

[Event "XXII Campeonato de España de l"]
[Site "Benidorm (Alicante-España)"]
[Date "2010.11.20"]
[Round "7"]
[White "Llaneras Henarejos, Miguel"]
[Black "Parreño Cueto, Andres"]
[Result "1-0"]
[WhiteElo "1687"]
[BlackElo "1816"]
[PlyCount "47"]
[EventDate "2010.11.14"]
[EventRounds "8"]
[EventCountry "ESP"]

1. d4 d5 2. c4 e5 3. dxe5 d4 4. Nf3 Nc6 5. g3 Bg4 6. Qb3 Qd7 7. Bg2 O-O-O 8.
O-O Bc5 9. Rd1 Qf5 10. Na3 Nge7 11. Nb5 a6 12. Na3 Ng6 13. Nc2 Bxf3 14. exf3
Ngxe5 15. f4 Ng6 16. Bxc6 bxc6 17. Qa4 Qg4 18. Bd2 Nh4 19. Qxa6+ Kd7 20. Nxd4
Qg6 21. Bc3 Bxd4 22. Rxd4+ Ke7 23. Re1+ Kf6 24. Rxd8+ 1-0

[Event "XXII Campeonato de España de l"]
[Site "Benidorm (Alicante-España)"]
[Date "2010.11.20"]
[Round "7"]
[White "Garcia Cervigon, Juan Pablo"]
[Black "Mejias Gonzalez, Javier"]
[Result "0-1"]
[WhiteElo "1795"]
[BlackElo "1941"]
[PlyCount "76"]
[EventDate "2010.11.14"]
[EventRounds "8"]
[EventCountry "ESP"]

1. d4 Nf6 2. Nf3 d6 3. e3 c6 4. c4 Qc7 5. Nc3 e5 6. e4 Bg4 7. d5 Nbd7 8. Be3
Qa5 9. Bd3 Nc5 10. Bxc5 Qxc5 11. O-O Be7 12. Qd2 Bxf3 13. gxf3 Nh5 14. Ne2 h6
15. Qc3 Bg5 16. b4 Qb6 17. c5 Qd8 18. Kh1 Nf4 19. Nxf4 Bxf4 20. Rg1 g6 21. Rad1
Qd7 22. Rg4 g5 23. dxc6 bxc6 24. Be2 d5 25. exd5 cxd5 26. Rxf4 d4 27. c6 Qc7
28. Qc4 gxf4 29. Bd3 Rg8 30. Bf5 Rd8 31. Qc5 Rg5 32. Qc2 Ke7 33. b5 Kf6 34. Be4
Rdg8 35. Qc5 Kg7 36. a3 Kh8 37. Qd5 f5 38. Bd3 Qg7 0-1

[Event "XXII Campeonato de España de l"]
[Site "Benidorm (Alicante-España)"]
[Date "2010.11.20"]
[Round "7"]
[White "Espadina Solano, Jaime E"]
[Black "Fernandez Cabello, Emilio"]
[Result "0-1"]
[WhiteElo "1895"]
[BlackElo "1758"]
[PlyCount "33"]
[EventDate "2010.11.14"]
[EventRounds "8"]
[EventCountry "ESP"]

1. e4 e6 2. d3 c5 3. Nf3 d6 4. g3 g6 5. Bg2 Bg7 6. O-O Nc6 7. a4 Nge7 8. c3 O-O
9. Bg5 Qc7 10. Qd2 Na5 11. Qf4 f6 12. Bh6 g5 13. Nxg5 fxg5 14. Qxg5 Ng6 15. Nd2
Nc6 16. f4 Nd8 17. Nf3 {Irreproducible} 0-1

[Event "XXII Campeonato de España de l"]
[Site "Benidorm (Alicante-España)"]
[Date "2010.11.20"]
[Round "7"]
[White "Garcia Cervigon, Cecilio"]
[Black "Martinez Colomar, Alejandro"]
[Result "1-0"]
[WhiteElo "1820"]
[BlackElo "1790"]
[PlyCount "125"]
[EventDate "2010.11.14"]
[EventRounds "8"]
[EventCountry "ESP"]

1. d4 d5 2. Nf3 e6 3. c4 Nf6 4. Nc3 Nbd7 5. e3 Be7 6. Bd3 dxc4 7. Bxc4 Nb6 8.
Bd3 O-O 9. O-O Nbd5 10. Ne2 b6 11. e4 Nb4 12. Bb1 c5 13. a3 Na6 14. Bg5 cxd4
15. e5 Nd5 16. Qc2 g6 17. Bh6 d3 18. Qxd3 Nc5 19. Qc2 Re8 20. Rd1 Bd7 21. Ba2
Ba4 22. b3 Bc6 23. Nc3 Rc8 24. b4 Nb7 25. Rac1 Ba4 26. Qxa4 Rxc3 27. Bxd5 Rxc1
28. Bxc1 exd5 29. Qc6 Qc8 30. Qxd5 Rd8 31. Qb3 Rxd1+ 32. Qxd1 Nd8 33. Be3 Qc3
34. Qc1 Qxc1+ 35. Bxc1 a5 36. bxa5 bxa5 37. Nd4 Bc5 38. Bb2 Kf8 39. Kf1 Ke7 40.
Ke2 Ne6 41. Nxe6 Kxe6 42. f4 Bg1 43. h3 Bh2 44. Bc1 g5 45. Kf3 gxf4 46. Bxf4
Bg1 47. a4 Kf5 48. g4+ Ke6 49. Ke4 Bc5 50. Bd2 Bb6 51. Bc3 Bc7 52. Kf4 h6 53.
Ke4 Bd8 54. Bd2 Bc7 55. Bxh6 Bxe5 56. Bd2 Bc7 57. Bc3 Bd8 58. Be1 f6 59. h4 Kf7
60. Kf5 Kg7 61. Bc3 Kf7 62. h5 Kg7 63. g5 1-0

[Event "XXII Campeonato de España de l"]
[Site "Benidorm (Alicante-España)"]
[Date "2010.11.20"]
[Round "7"]
[White "Garcia Andrinal, Antonio"]
[Black "Ariste Justo, Jesus Angel"]
[Result "1/2-1/2"]
[WhiteElo "1757"]
[BlackElo "1875"]
[PlyCount "73"]
[EventDate "2010.11.14"]
[EventRounds "8"]
[EventCountry "ESP"]

1. e4 d5 2. exd5 Nf6 3. d4 Bg4 4. Nf3 Qxd5 5. Be2 Nc6 6. c3 O-O-O 7. Nbd2 e6 8.
O-O Be7 9. Ne5 Nxe5 10. dxe5 Bxe2 11. Qxe2 Nd7 12. Nf3 Nc5 13. Bf4 Qd3 14. Qe3
h6 15. Nd4 g5 16. Bg3 h5 17. h3 Qg6 18. Ne2 Rd3 19. Qc1 Rhd8 20. Nd4 Ne4 21.
Qc2 Nxg3 22. fxg3 c5 23. Rac1 Kb8 24. b4 c4 25. Qa4 Rc8 26. Qd7 Rxg3 27. Qxe7
Qe4 28. Rf2 Qe3 29. Qd6+ Ka8 30. Rcf1 g4 31. Nb5 a6 32. Nc7+ Ka7 33. Qd4+ Qxd4
34. cxd4 Rxc7 35. hxg4 Rxg4 36. Rxf7 Rxf7 37. Rxf7 1/2-1/2

[Event "XXII Campeonato de España de l"]
[Site "Benidorm (Alicante-España)"]
[Date "2010.11.20"]
[Round "7"]
[White "Carrazzoni Roman, Carlos"]
[Black "Menendez Solar, Jose Carlos"]
[Result "1-0"]
[WhiteElo "1769"]
[BlackElo "1888"]
[PlyCount "97"]
[EventDate "2010.11.14"]
[EventRounds "8"]
[EventCountry "ESP"]

1. d4 Nf6 2. Nf3 g6 3. Bf4 Bg7 4. c3 d6 5. h3 O-O 6. e3 Nc6 7. Nbd2 Qe8 8. Bb5
Bd7 9. O-O Nxd4 10. Bc4 Nxf3+ 11. Nxf3 Bc6 12. Nh2 Bxg2 13. Bxf7+ Rxf7 14. Kxg2
Qc6+ 15. f3 Nd5 16. Qb3 Kh8 17. Kh1 Raf8 18. Bg5 h6 19. e4 Nf4 20. Bxf4 Rxf4
21. Rf2 b6 22. Qe6 R4f6 23. Qd5 Qxd5 24. exd5 Rf5 25. Rd1 Rh5 26. Kg2 Rg5+ 27.
Kh1 Rf4 28. Rg2 Rxg2 29. Kxg2 h5 30. Nf1 Bh6 31. Re1 Bg5 32. Re6 Kg7 33. Ng3
Kf7 34. Ne2 Rf5 35. c4 Bh6 36. b3 Re5 37. Rxe5 dxe5 38. Nc3 a6 39. Ne4 h4 40.
Kf2 Bc1 41. Ke2 g5 42. c5 Kg6 43. c6 Ba3 44. Nc3 Kf5 45. Ne4 Kf4 46. Kf2 g4 47.
hxg4 h3 48. g5 Bc5+ 49. Nxc5 1-0

[Event "XXII Campeonato de España de l"]
[Site "Benidorm (Alicante-España)"]
[Date "2010.11.20"]
[Round "7"]
[White "Lago Carballo, Carmen"]
[Black "Sanchez Ruiz, Piedad Esmeralda"]
[Result "0-1"]
[WhiteElo "1416"]
[BlackElo "1861"]
[PlyCount "42"]
[EventDate "2010.11.14"]
[EventRounds "8"]
[EventCountry "ESP"]

1. e4 c5 2. Nf3 e6 3. Bb5 a6 4. Ba4 b5 5. d3 bxa4 6. Ng5 f6 7. Nh3 Nc6 8. f4
Bb7 9. c3 Nge7 10. Qe2 Qc7 11. f5 exf5 12. Bf4 d6 13. exf5 O-O-O 14. Na3 Nxf5
15. O-O-O g5 16. Bd2 Bg7 17. Rhf1 Nfe7 18. Rde1 Ng6 19. Nc4 Kb8 20. Nf2 h5 21.
Ne4 d5 0-1

[Event "XXII Campeonato de España de l"]
[Site "Benidorm (Alicante-España)"]
[Date "2010.11.20"]
[Round "7"]
[White "Barroso Vilanova, Daniel"]
[Black "Gamiz Campana, Francisco Javier"]
[Result "0-1"]
[WhiteElo "1570"]
[BlackElo "1742"]
[PlyCount "106"]
[EventDate "2010.11.14"]
[EventRounds "8"]
[EventCountry "ESP"]

1. e4 e6 2. d4 d5 3. exd5 exd5 4. c4 c6 5. Nc3 Bb4 6. Nf3 Bg4 7. Be2 Nf6 8. O-O
Bxc3 9. bxc3 O-O 10. Bg5 Nbd7 11. h3 Bxf3 12. Bxf3 dxc4 13. a4 Qa5 14. Bd2 Nd5
15. Qc2 Rfe8 16. Rfe1 N7f6 17. g4 Rxe1+ 18. Rxe1 Re8 19. Rxe8+ Nxe8 20. Qf5 Qd8
21. Bg5 f6 22. Bd2 Qd6 23. Qc8 Qe7 24. a5 a6 25. Kf1 Kf7 26. Qf5 g6 27. Bxd5+
cxd5 28. Qxd5+ Kg7 29. Qxc4 Nd6 30. Qd5 Ne4 31. Be1 Nd6 32. c4 Qc7 33. c5 Nb5
34. Bb4 Qc6 35. Qxc6 bxc6 36. d5 cxd5 37. c6 Kf7 38. f4 f5 39. g5 Ke8 40. Bc5
Kd8 41. Bb6+ Kc8 42. Ke2 Nc7 43. Be3 Ne6 44. h4 Kc7 45. h5 Kxc6 46. h6 d4 47.
Bd2 Kd5 48. Kd3 Nc5+ 49. Kc2 Ke4 50. Kb2 Nd3+ 51. Kb3 Nxf4 52. Kb4 Ne6 53. Kc4
f4 0-1

[Event "XXII Campeonato de España de l"]
[Site "Benidorm (Alicante-España)"]
[Date "2010.11.20"]
[Round "7"]
[White "Bravo De Los Santos, Francisco"]
[Black "Gutierrez Garcia, Julio"]
[Result "1-0"]
[WhiteElo "1877"]
[BlackElo "1654"]
[PlyCount "95"]
[EventDate "2010.11.14"]
[EventRounds "8"]
[EventCountry "ESP"]

1. e4 e6 2. d3 c5 3. Nd2 Nc6 4. Ngf3 d5 5. g3 Nf6 6. Bg2 dxe4 7. dxe4 e5 8. O-O
Bd6 9. c3 h6 10. Re1 Be6 11. Qe2 a6 12. a4 O-O 13. Nc4 Bxc4 14. Qxc4 Na5 15.
Qe2 Rc8 16. Nd2 c4 17. Nf1 Nb3 18. Rb1 Qc7 19. Ne3 g6 20. Bh3 Rcd8 21. Nxc4
Nxc1 22. Rbxc1 Rfe8 23. Bg2 Bf8 24. Ne3 Qa5 25. Qc2 b5 26. axb5 Qxb5 27. Rcd1
Rb8 28. Rd2 h5 29. Nd5 Nxd5 30. exd5 Bd6 31. c4 Qc5 32. Ra1 a5 33. Bf1 Rb6 34.
Qa4 Ra8 35. b3 Kf8 36. Rb2 Ke7 37. b4 Qd4 38. Rab1 Qc3 39. Rb3 Rxb4 40. Rxc3
Rxa4 41. c5 Bc7 42. d6+ Bxd6 43. cxd6+ Kxd6 44. Rd1+ Rd4 45. Rdc1 Ra7 46. Rc6+
Kd7 47. Rf6 Rd6 48. Rxf7+ 1-0

[Event "XXII Campeonato de España de l"]
[Site "Benidorm (Alicante-España)"]
[Date "2010.11.20"]
[Round "7"]
[White "Garcia Cruz, Francisco"]
[Black "Martinez Perez, Carlos"]
[Result "1-0"]
[WhiteElo "1686"]
[BlackElo "1619"]
[PlyCount "41"]
[EventDate "2010.11.14"]
[EventRounds "8"]
[EventCountry "ESP"]

1. c4 c5 2. Nc3 Nc6 3. Nf3 Nf6 4. e4 e6 5. d3 a6 6. Be2 d5 7. cxd5 exd5 8. exd5
Nxd5 9. O-O Be7 10. Re1 Nf6 11. Be3 O-O 12. Rc1 Bf5 13. d4 Ng4 14. d5 Nb8 15.
h3 Nxe3 16. fxe3 Qc7 17. e4 Bg6 18. d6 Rd8 19. Nd5 Qa5 20. Nxe7+ Kf8 21. Nxg6+
1-0

[Event "XXII Campeonato de España de l"]
[Site "Benidorm (Alicante-España)"]
[Date "2010.11.21"]
[Round "8"]
[White "Palacios Perez, Manuel"]
[Black "Garcia Magadan, Ramon"]
[Result "1-0"]
[WhiteElo "2178"]
[BlackElo "2069"]
[PlyCount "41"]
[EventDate "2010.11.14"]
[EventRounds "8"]
[EventCountry "ESP"]

1. d4 d5 2. c4 e6 3. Nf3 Nf6 4. g3 Be7 5. Bg2 O-O 6. O-O dxc4 7. Qc2 a6 8. a4
Bd7 9. Qxc4 Bc6 10. Nc3 Nbd7 11. Rd1 Nb6 12. Qd3 Bxf3 13. Bxf3 Nbd5 14. Bg5 h6
15. Bxf6 Bxf6 16. Nxd5 exd5 17. Qb3 c6 18. Qxb7 Qd6 19. Rac1 Rfc8 20. Bg4 Qc7
21. Bxc8 1-0

[Event "XXII Campeonato de España de l"]
[Site "Benidorm (Alicante-España)"]
[Date "2010.11.21"]
[Round "8"]
[White "Draghici Flutur, Gavril"]
[Black "Clemente Llamero, Roberto"]
[Result "1-0"]
[WhiteElo "2152"]
[BlackElo "2141"]
[PlyCount "79"]
[EventDate "2010.11.14"]
[EventRounds "8"]
[EventCountry "ESP"]

1. e4 c6 2. Nc3 d5 3. Qf3 Nf6 4. e5 Nfd7 5. Qg3 e6 6. d4 b6 7. Bg5 Qc7 8. O-O-O
Ba6 9. Nge2 Qb7 10. f4 g6 11. Qe3 Bg7 12. g4 h6 13. Bh4 h5 14. h3 Nf8 15. Bg2
Nbd7 16. f5 gxf5 17. gxf5 exf5 18. Kb1 Ne6 19. Qf3 Bxe2 20. Nxe2 f4 21. Nxf4
Nxf4 22. Qxf4 Nf8 23. c4 Ng6 24. Qg3 dxc4 25. e6 O-O 26. exf7+ Qxf7 27. Bxc6
Nxh4 28. Bxa8 Nf5 29. Qf3 Qc7 30. Be4 Nh6 31. Qxh5 Qf4 32. Bd5+ Kh8 33. Rhf1
Qxf1 34. Rxf1 Rxf1+ 35. Kc2 Rf5 36. Qe8+ Rf8 37. Qg6 Rf6 38. Qg5 b5 39. h4 a6
40. Qh5 1-0

[Event "XXII Campeonato de España de l"]
[Site "Benidorm (Alicante-España)"]
[Date "2010.11.21"]
[Round "8"]
[White "Aguilar Sevilla, Diego"]
[Black "Diaz Illescas, Juan Carlos"]
[Result "0-1"]
[WhiteElo "2123"]
[BlackElo "1906"]
[PlyCount "54"]
[EventDate "2010.11.14"]
[EventRounds "8"]
[EventCountry "ESP"]

1. d4 Nf6 2. Nf3 g6 3. g3 Bg7 4. Bg2 c5 5. d5 d6 6. c4 b5 7. cxb5 Qa5+ 8. Nfd2
Qxb5 9. Nc3 Qa5 10. O-O O-O 11. Qc2 Qd8 12. b3 Na6 13. a3 Nc7 14. Bb2 Ba6 15.
Rfe1 Rb8 16. Rad1 Nb5 17. Nxb5 Rxb5 18. e4 Qc7 19. e5 Nd7 20. exd6 exd6 21.
Bxg7 Kxg7 22. Re7 Qd8 23. Qc3+ Kg8 24. Rde1 Rb7 25. f4 Nb6 26. Ne4 Rxe7 27.
Nf6+ Kh8 0-1

[Event "XXII Campeonato de España de l"]
[Site "Benidorm (Alicante-España)"]
[Date "2010.11.21"]
[Round "8"]
[White "Fernandez Lago, David"]
[Black "Escalante Ortega, Fernando"]
[Result "1/2-1/2"]
[WhiteElo "2008"]
[BlackElo "1875"]
[PlyCount "120"]
[EventDate "2010.11.14"]
[EventRounds "8"]
[EventCountry "ESP"]

1. d4 Nf6 2. Nf3 g6 3. g3 Bg7 4. Bg2 d5 5. O-O O-O 6. b3 c6 7. Bb2 Na6 8. Nbd2
Ne4 9. c4 Nac5 10. Qc1 Ne6 11. e3 N6g5 12. Nxe4 Nxe4 13. Qc2 Bf5 14. Qe2 f6 15.
Nh4 Be6 16. f3 Nd6 17. c5 Nf7 18. e4 Nh6 19. f4 dxe4 20. f5 gxf5 21. Bh3 Qd7
22. Rf4 Bd5 23. Nxf5 e6 24. Nxg7 Qxg7 25. Bc1 f5 26. Be3 Rf6 27. Raf1 Raf8 28.
Qh5 Qg6 29. Qe2 Qg7 30. Rh4 R8f7 31. Qh5 Ng4 32. Bxg4 fxg4 33. Rxf6 Qxf6 34.
Rxg4+ Kf8 35. Bh6+ Ke8 36. Rg8+ Kd7 37. Rd8+ Qxd8 38. Qxf7+ Qe7 39. Qf4 e5 40.
Qf5+ Ke8 41. Bg5 Qe6 42. Qxh7 exd4 43. Qh8+ Kf7 44. Qxd4 Kg6 45. Bf4 Qg4 46.
Qe3 Qd1+ 47. Kf2 Qc2+ 48. Qe2 Qxc5+ 49. Be3 Qf8+ 50. Ke1 Qf3 51. Qxf3 exf3 52.
Bxa7 Kf5 53. Kf2 Kg4 54. h4 Be6 55. h5 Kxh5 56. Kxf3 Bd5+ 57. Kf4 Kg6 58. Ke5
Bf3 59. a4 Bd1 60. a5 Bxb3 1/2-1/2

[Event "XXII Campeonato de España de l"]
[Site "Benidorm (Alicante-España)"]
[Date "2010.11.21"]
[Round "8"]
[White "Mejias Gonzalez, Javier"]
[Black "Garcia Cervigon, Cecilio"]
[Result "0-1"]
[WhiteElo "1941"]
[BlackElo "1820"]
[PlyCount "58"]
[EventDate "2010.11.14"]
[EventRounds "8"]
[EventCountry "ESP"]

1. e4 d5 2. exd5 Qxd5 3. Nc3 Qa5 4. d4 c6 5. Bc4 Nf6 6. Nf3 Bf5 7. Bd2 Qc7 8.
Ne5 e6 9. g4 Be4 10. f3 Bd5 11. Qe2 Bxc4 12. Qxc4 Nbd7 13. Bf4 Nb6 14. Qb3 Bd6
15. O-O-O Nfd5 16. Bd2 Bxe5 17. dxe5 Qxe5 18. Ne4 O-O-O 19. c4 Nf6 20. Bc3 Qf4+
21. Nd2 Rd3 22. a4 Rhd8 23. a5 Nbd7 24. Qb4 Ne5 25. Bxe5 Qxe5 26. h4 Qd4 27.
Qa4 Rxd2 28. Rxd2 Qxd2+ 29. Kb1 Qd3+ 0-1

[Event "XXII Campeonato de España de l"]
[Site "Benidorm (Alicante-España)"]
[Date "2010.11.21"]
[Round "8"]
[White "Fernandez Cabello, Emilio"]
[Black "Rodriguez Aguilera, Aurelio"]
[Result "0-1"]
[WhiteElo "1758"]
[BlackElo "1982"]
[PlyCount "46"]
[EventDate "2010.11.14"]
[EventRounds "8"]
[EventCountry "ESP"]

1. e4 d5 2. exd5 Qxd5 3. Nc3 Qa5 4. d4 c6 5. Nf3 Bf5 6. Bc4 e6 7. Bd2 Qc7 8.
Bb3 Nf6 9. Qe2 Nbd7 10. O-O-O O-O-O 11. Ne5 Nxe5 12. dxe5 Nd5 13. g4 Bg6 14. f4
Bb4 15. Nb1 Bxd2+ 16. Qxd2 h5 17. h3 Qb6 18. Rde1 hxg4 19. hxg4 Rxh1 20. Rxh1
Nb4 21. Qe2 Bxc2 22. Nc3 Bxb3 23. axb3 Nd3+ 0-1

[Event "XXII Campeonato de España de l"]
[Site "Benidorm (Alicante-España)"]
[Date "2010.11.21"]
[Round "8"]
[White "Sanchez Ruiz, Piedad Esmeralda"]
[Black "Carrazzoni Roman, Carlos"]
[Result "1-0"]
[WhiteElo "1861"]
[BlackElo "1769"]
[PlyCount "99"]
[EventDate "2010.11.14"]
[EventRounds "8"]
[EventCountry "ESP"]

1. e4 Nf6 2. e5 Nd5 3. d4 d6 4. c4 Nb6 5. Nf3 Bf5 6. Nc3 c6 7. Be2 g6 8. Bf4
Bg7 9. h3 O-O 10. Qd2 Re8 11. Bh6 Bh8 12. Qf4 f6 13. Rd1 Qc7 14. exf6 exf6 15.
Kf1 Qe7 16. g4 Be6 17. b3 N6d7 18. h4 a5 19. Bd3 Na6 20. Re1 Nb4 21. Bb1 Qf7
22. Kg2 d5 23. c5 Nf8 24. Nd2 Bd7 25. Nf3 Ne6 26. Qd2 Re7 27. g5 f5 28. Ne5
Bxe5 29. Rxe5 Rae8 30. Rhe1 f4 31. f3 Rb8 32. Nd1 Rbe8 33. Nf2 Ng7 34. Rxe7
Rxe7 35. Bxg7 Kxg7 36. a3 Na6 37. Qxa5 Rxe1 38. Qxe1 Nc7 39. a4 h6 40. Qe5+ Kh7
41. h5 Qg7 42. hxg6+ Kg8 43. gxh6 Qxe5 44. dxe5 Na6 45. Ng4 Bxg4 46. fxg4 Nxc5
47. Bf5 d4 48. e6 Na6 49. e7 Nc7 50. Be6+ 1-0

[Event "XXII Campeonato de España de l"]
[Site "Benidorm (Alicante-España)"]
[Date "2010.11.21"]
[Round "8"]
[White "Lopez Perez, Angel L"]
[Black "Garcia Andrinal, Antonio"]
[Result "1-0"]
[WhiteElo "1818"]
[BlackElo "1757"]
[PlyCount "85"]
[EventDate "2010.11.14"]
[EventRounds "8"]
[EventCountry "ESP"]

1. e4 c5 2. Nf3 d6 3. d4 cxd4 4. Nxd4 Nf6 5. Nc3 g6 6. f3 Bg7 7. Be3 O-O 8. Qd2
Nc6 9. O-O-O d5 10. Nxd5 Nxd5 11. Nxc6 bxc6 12. exd5 cxd5 13. Qxd5 Qc7 14. Qc5
Qb7 15. Bd4 Bxd4 16. Qxd4 Bf5 17. Bc4 Rac8 18. Bb3 Qc7 19. Rd2 Rfd8 20. Qe3
Rxd2 21. Qxd2 Rd8 22. Qe3 Rc8 23. c3 Rd8 24. g4 Bc8 25. Re1 e6 26. h4 Ba6 27.
Bc2 Bc4 28. b3 Bd3 29. Qe5 Qe7 30. Qa5 Bxc2 31. Kxc2 Qxh4 32. Qe5 Qe7 33. Qa5
Qd6 34. c4 Qd3+ 35. Kb2 Qd4+ 36. Qc3 Qf2+ 37. Ka3 Rd2 38. Ra1 Rc2 39. Qb4 Qd4
40. Rb1 Rf2 41. c5 Qd5 42. Rb2 Rxf3 43. Rd2 1-0

[Event "XXII Campeonato de España de l"]
[Site "Benidorm (Alicante-España)"]
[Date "2010.11.21"]
[Round "8"]
[White "Gamiz Campana, Francisco Javier"]
[Black "Sanchez Ruiz, Justo"]
[Result "0-1"]
[WhiteElo "1742"]
[BlackElo "1772"]
[PlyCount "72"]
[EventDate "2010.11.14"]
[EventRounds "8"]
[EventCountry "ESP"]

1. e4 d5 2. exd5 Qxd5 3. Nc3 Qa5 4. d4 Nf6 5. Nf3 c6 6. Bd2 Bf5 7. Bc4 e6 8.
O-O Bb4 9. Ne2 Bxd2 10. Qxd2 Qxd2 11. Nxd2 Bxc2 12. Bb3 Bd3 13. Rfe1 Nbd7 14.
Nf4 Ba6 15. Nf3 O-O 16. h4 Nd5 17. Nh3 N7f6 18. Ne5 h6 19. g4 Rad8 20. g5 hxg5
21. hxg5 Nd7 22. Bc2 Nxe5 23. dxe5 Ne7 24. Nf4 Rd2 25. Be4 Nd5 26. Nh5 Rxb2 27.
Kg2 Nc3 28. Rh1 Nxe4 29. Nf6+ gxf6 30. gxf6 Rxf2+ 31. Kh3 Rf5 32. Rag1+ Rg5 33.
Rxg5+ Nxg5+ 34. Kg4 Nh7 35. Kh5 Kh8 36. Rd1 Be2+ 0-1

[Event "XXII Campeonato de España de l"]
[Site "Benidorm (Alicante-España)"]
[Date "2010.11.21"]
[Round "8"]
[White "Redondo Maguregui, Juan Manuel"]
[Black "Espadina Solano, Jaime E"]
[Result "1-0"]
[WhiteElo "1694"]
[BlackElo "1895"]
[PlyCount "63"]
[EventDate "2010.11.14"]
[EventRounds "8"]
[EventCountry "ESP"]

1. c4 Nf6 2. Nc3 g6 3. g3 Bg7 4. Bg2 O-O 5. Nf3 d6 6. O-O Nc6 7. a3 e5 8. Qc2
Be6 9. d3 h6 10. b4 a5 11. b5 Ne7 12. Bd2 Qd7 13. Rfd1 c6 14. Na4 Qc7 15. Rab1
cxb5 16. Rxb5 Bd7 17. Rb2 Bc6 18. Rdb1 Ra6 19. Bh3 Nf5 20. e4 Nd4 21. Nxd4 exd4
22. Nb6 Qd8 23. Qc1 Kh7 24. a4 Nh5 25. Qe1 f5 26. f4 fxe4 27. dxe4 d3 28. Bc3
Bxc3 29. Qxc3 Bxe4 30. Qd4 Re8 31. Nd5 d2 32. Rxb7+ 1-0

[Event "XXII Campeonato de España de l"]
[Site "Benidorm (Alicante-España)"]
[Date "2010.11.21"]
[Round "8"]
[White "Martinez Colomar, Alejandro"]
[Black "Garcia Cervigon, Juan Pablo"]
[Result "1-0"]
[WhiteElo "1790"]
[BlackElo "1795"]
[PlyCount "112"]
[EventDate "2010.11.14"]
[EventRounds "8"]
[EventCountry "ESP"]

1. c4 Nf6 2. g3 c6 3. Bg2 d5 4. cxd5 cxd5 5. d3 Nc6 6. Nc3 e6 7. a3 Be7 8. Nf3
O-O 9. O-O Bd7 10. Bd2 Rb8 11. Bf4 Ra8 12. Rc1 Ne8 13. Nb5 a6 14. Nc3 Bd6 15.
Be3 Nc7 16. Na4 Rb8 17. Bb6 Qe7 18. Nc5 Na8 19. Nxd7 Qxd7 20. Be3 Qe7 21. Qa4
Nc7 22. Qg4 Ne5 23. Nxe5 Bxe5 24. d4 Bf6 25. Bd2 Rfd8 26. Qf4 Nb5 27. e3 Qd7
28. Rc2 Rbc8 29. Rfc1 Rxc2 30. Rxc2 Rc8 31. Rxc8+ Qxc8 32. Bf1 Qc7 33. Bxb5
Qxf4 34. gxf4 axb5 35. Bb4 Bd8 36. Kg2 f5 37. Kf3 Kf7 38. Ke2 Bc7 39. Kd3 g5
40. fxg5 Bxh2 41. f4 Bg3 42. Bd2 h5 43. gxh6 Bh4 44. Kc3 Be7 45. Kb3 Kg6 46.
Bb4 Bh4 47. a4 bxa4+ 48. Kxa4 Kxh6 49. Kb5 Bd8 50. Ba5 Bh4 51. Bb4 Bd8 52. Bd2
Kh5 53. Kc5 Kg6 54. Kd6 Kf7 55. Kd7 Bb6 56. Kc8 Ke8 1-0